| 000 | | | 05355nmc2a22003613x 450 |
| 001 | | | 6f4f2d9b-d154-4ad1-8f37-5a00354f01f1 |
| 005 | | | 20260130060620.0 |
| 100 | ## | $a | 20251127l1935 k y0rusy50 ca |
| 101 | 0# | $a | rus |
| | $a | ukr |
| 102 | ## | $a | RU |
| 105 | ## | $a | a z ||||| |
| 122 | 0# | $a | d19351231 |
| 200 | 1# | $a | Постановления конкурсных комиссий и характеристики сельсоветов Киевской, Черниговской и Винницкой областей УССР, представляемых к премированию за лучшие показатели в работе |
| | $j | 1935 |
| 215 | ## | $a | 220 листов |
| | $c | фот., табл. |
| | $d | 35,8 х 24,2 |
| 251 | ## | $c | Дело |
| 300 | ## | $a | Листы: 220 листов, в том числе: литерные номера листов 1а, 11а, 11б, 15а, 15б, 20а, 45а, 66а, 80а, 103а, 126а, 154а, 200а, 200б; пропущенные номера листов 11, 15; 94, 160, 161, 200б (2 шт.), 203, 205 (2 шт.) - фотографии |
| 300 | ## | $a | Дело состоит из 8 папок со сквозной нумерацией |
| 300 | ## | $a | Часть текста на украинском языке |
| 300 | ## | $a | Машинописный и рукописный текст |
| 324 | ## | $a | В деле имеются копии отдельных документов |
| 330 | ## | $a | Входит в раздел описи: Орготдел |
| 461 | #0 | $1 | 001796d4672-8a00-4986-b488-6e42273792cc |
| | $1 | 2001 |
| | $a | ЦЕНТРАЛЬНЫЙ ИСПОЛНИТЕЛЬНЫЙ КОМИТЕТ СССР (ЦИК СССР). |
| | $1 | 251 |
| | $c | Фонд |
| | $1 | 852 |
| | $g | Р |
| | $j | 3316 |
| 462 | #0 | $1 | 001b2b03070-aa26-4135-b154-6f52ec7c8bcd |
| | $1 | 2001 |
| | $a | Дела Секретариата Президиума ЦИК Союза ССР за 1935 год |
| | $v | Д. 713 |
| | $1 | 251 |
| | $c | Опись |
| | $1 | 852 |
| | $j | 28 |
| 605 | ## | $3 | DITM\AF\0000002775 |
| | $a | Власть |
| | $l | коллекция |
| | $2 | acquisition_prlib |
| 607 | ## | $a | Киевская область (УССР) |
| 607 | ## | $a | Черниговская область (УССР) |
| 607 | ## | $a | Винницкая область (УССР) |
| 610 | 1# | $a | Постановления |
| | $a | Конкурсные комиссии |
| | $a | Сельские советы |
| | $a | Премирование |
| | $a | УССР |
| 686 | ## | $a | 67.401.011.12ю1 |
| | $c | Право |
| | $2 | rubbk |
| 686 | ## | $a | 63.3(2)614-332ю1 |
| | $c | История |
| | $2 | rubbk |
| 801 | #0 | $a | RU |
| | $b | GA_RF |
| 801 | #1 | $a | RU |
| | $b | ГлавНИВЦ |
| | $c | 20251127 |
| | $2 | rusmarc |
| 801 | #2 | $a | RU |
| | $b | ПБ им. Б.Н. Ельцина |
| | $c | 20260130 |
| | $g | RCR |
| | $2 | rusmarc |
| 852 | ## | $a | ГА РФ |
| | $j | 713 |
| 937 | ## | $d | 200263154 |
| | $h | ГАРФ |
| 035 | ## | $a | RuPRLIB51082345 |
| 856 | ## | $u | http://readingroom.main.prlib.ru/item.aspx?id_node=n200263154&mode=full |